00332nam a2200121Ia 4500008004100000020001500041041000800056082001100064100001600075245007100091260004000162300000800202230724s1999 xx und d a1852931728 aeng a712.09 aPREECE R.A. aDESIGN ON THE LANDSCAPE:-EVERYDAY LANDSCAPES, VALUES, AND PRACTICE bC.B.S. PUBLISERS 8D DELHI- 32c1999 a283